Dare to succeed and you will succeed

Bibliographic Details
Main Author: Landone, Brown
Format: Book
Published: Selangor : Masterpiece Publication , 2006
Subjects:

MARC

LEADER 00000cam a2200000 7i4500
001 0000012300
005 20150201.0
008 071212
020 |a 9833710050 
090 0 0 |a 158.1   |b LAN 
100 1 |a Landone, Brown 
245 1 0 |a Dare to succeed and you will succeed   |c Brown Landone 
246 1 |i Original title:   |a The success process 
260 |a Selangor :   |b Masterpiece Publication ,   |c 2006 
650 0 |a Success 
999 |a 0001003449   |b Book   |c Adult Collection   |e Cawangan AEON Kulaijaya 
999 |a 0001003450   |b Book   |c Adult Collection   |e Perbadanan Perpustakaan Awam Johor 
999 |a 0001003453   |b Book   |c Adult Collection   |e Perbadanan Perpustakaan Awam Johor 
999 |a 0001020280   |b Book   |c Adult Collection   |e Cawangan Tmn. Ungku Tun Aminah 
999 |a 0001020282   |b Book   |c Adult Collection   |e Cawangan Tmn. Ungku Tun Aminah 
999 |a 0001020475   |b Book   |c Adult Collection   |e Cawangan Segamat 
999 |a 0001057938   |b Book   |c Adult Collection   |e Cawangan Mersing